| 000 | 00337nam a2200133Ia 4500 | ||
|---|---|---|---|
| 005 | 20260328101530.0 | ||
| 008 | 260328s9999||||xx |||||||||||||| ||und|| | ||
| 100 | _aMerrill, Anthony F. | ||
| 245 | 4 |
_aThe rammed-earth House / _cAnthony F. Merrill |
|
| 260 | _bHarper & Brothers | ||
| 300 | _a230 p. | ||
| 650 | _aARQUITECTURA | ||
| 942 | _cBK | ||
| 999 |
_c9943 _d9943 |
||